000 00749nam a22002295i 4500
001 166408
003 ES-MaACL
005 20250801144208.0
008 010302q18901900sp |||| | spa d
040 _aCAM
_bspa
_cCAM
100 1 _aTolstói, Lev,
_d1828-1910
_9110489
245 1 0 _aLo que debe hacerse /
_cpor León Tolstoy.
260 _aMadrid :
_bLa España Moderna,
_c[s.a.] (
_fAgustín Avrial)
300 _a296 p. ;
_c17 cm.
490 1 _aColección de libros escogidos
596 _aLa colección se publicó entre 1890-1900.
650 0 7 _aLiteratura rusa
_2embne
_9136434
752 _aEspaña -
_dMadrid
830 0 _aColección de libros escogidos
_9181858
852 _aES-MaACL
_jA-4719
_z-- Enc. hol.
999 _c166408
_d166408